header

Body blows (Record no. 231565)

MARC details
000 -LEADER
fixed length control field 01337nam a2200325 a 4500
082 04 - DEWEY DECIMAL CLASSIFICATION NUMBER
Classification number 812/.54
100 1# - MAIN ENTRY--AUTHOR NAME
Personal name Miller, Tim,
245 10 - TITLE STATEMENT
Title Body blows
260 ## - PUBLICATION, DISTRIBUTION, ETC. (IMPRINT)
Place of publication Madison :
Name of publisher University of Wisconsin Press,
Year of publication c2002.
300 ## - PHYSICAL DESCRIPTION
Number of Pages xxix, 241 p. :
Other physical details ill.
490 1# - SERIES STATEMENT
Series statement Living out
505 0# - FORMATTED CONTENTS NOTE
Formatted contents note Some golden states -- Stretch marks -- My queer body -- Naked breath -- Fruit cocktail -- Glory box.
650 #0 - SUBJECT ADDED ENTRY--TOPICAL TERM
Topical Term Gay men
856 40 - ELECTRONIC LOCATION AND ACCESS
Uniform Resource Identifier http://site.ebrary.com/lib/rucke/Doc?id=10217098

No items available.

© 2026 Rongo University
Contact us: librarian | system librarian | Rongo university